| 000 | 00458nam a2200169Ia 4500 | ||
|---|---|---|---|
| 003 | LK-CoDNM | ||
| 008 | 010623t1961 xxu||||| |||| 00| 1 sin d | ||
| 040 |
_aLK-CoDNM _dLK-CoDNM _eLK-CoDNM |
||
| 041 | _asin | ||
| 080 | _a133.52 | ||
| 245 | _aවර්ෂයේ පල සහ ලග්න ඵල | ||
| 246 | _aVarshaye Pala Saha Lagna Pala | ||
| 260 |
_bD.M.Ranasinghe _aColombo _c1961 _c1962 |
||
| 300 | _b6p., 21 cm | ||
| 650 | _aAstrology | ||
| 942 | _cBK | ||
| 999 |
_c105853 _d105853 |
||